00309nam a2200109Ia 4500082001900000100002300019245004300042260004900085300001300134504002200147650003000169 a321.8042 SAN-C aSanyasi Raju, K.S. 0aConstitutional dynamics of article 356 aVisakhapatnambAndhra University Pressc2007 axii, 212 aincludes appendix aConstitutional lawzIndia